00965nam a22002297a 4500010001300000020002300013035001300036037001800049040001200067082001300079245020100092260004400293270007400337300002400411650004400435650004800479650002500527700001800552942002200570999001900592952012400611 aB-059905 a8185216355c995.00 aB-059905 bCen Lib / Ret aDPLbEn a020bALL aQuest for quality :bstrategies and applications in library and information services : ILA seminar papers, 46th All India Library Conference, Ahmedabad, 3-6 January, 2001 /cedited by S. M. Dhawan aDelhibIndain Library Associationc2001 aA/40-41, Flat no. 201, Ansal Building, Mukherjee NagarbDelhie110009 axxi, 859pc24cm(Hb) aLibrary science -- India -- Congresses. aInformation science -- India -- Congresses. aInformation science. aDhawan, S. M. 2ddccENh020mALL c136896d136896 00104070aLbLd2016-03-11eCen Lib/Retg995.00l0o020 ALLpB-059905r2016-03-11 00:00:00t1v995.00w2016-03-11yEN